| 000 | 01187cam a2200325 a 4500 | ||
|---|---|---|---|
| 999 |
_c173062 _d173062 |
||
| 001 | 1529161 | ||
| 003 | Nust | ||
| 005 | 20180712081814.0 | ||
| 008 | 900129s1988 enk 000 1 eng | ||
| 010 | _a 90110584 | ||
| 020 |
_a9780586071113 (pbk) _cRs. 452 |
||
| 038 | _aArshad | ||
| 040 |
_aDLC _cDLC _dDLC |
||
| 050 | 0 | 0 |
_aPS3551.S5 _bP7 1988c |
| 082 | 0 | 0 |
_a813.54 _bASI |
| 100 | 1 |
_aAsimov, Isaac, _d1920-1992. _98182 |
|
| 245 | 1 | 0 |
_aPrelude to Foundation / _cIsaac Asimov. |
| 260 |
_aLondon : _bGrafton Books, _c1988. |
||
| 300 |
_a461 p. ; _c24 cm. |
||
| 500 | _aThis, the latest of 14 Foundation books, is reckoned by Asimov to be the 9th in terms of the chronology of the events covered. Cf. "Author's note" (p. 9-[10]). | ||
| 500 |
_aLC copy in dust jacket. _5DLC |
||
| 500 |
_aSource: Purchase, June 10, 1989 (DLC #95125). _5DLC |
||
| 600 | 1 | 0 |
_aSeldon, Hari _c(Fictitious character) _vFiction. _911610 |
| 650 | 0 |
_aLife on other planets _vFiction. _911611 |
|
| 650 | 0 |
_aPsychohistory _vFiction. _911612 |
|
| 655 | 7 |
_aScience fiction. _2gsafd _91086 |
|
| 906 |
_a7 _bcbc _corignew _d3 _encip _f19 _gy-gencatlg |
||
| 942 |
_2ddc _cBK |
||